DON'T YOU LIE - Offset (Full lyrics) - Statistics

General Stats
  • This quiz has been taken 3 times
  • The average score is 360 of 557
Answer Stats
Lyrics % Correct
a
100%
coupe
100%
diamonds
100%
do
100%
Don't
100%
don't
100%
Fresh
100%
had
100%
he
100%
I
100%
in
100%
jail,
100%
know
100%
lie,
100%
lie
100%
Maybach
100%
no
100%
of
100%
on
100%
one,
100%
one
100%
out
100%
out,
100%
right
100%
signing
100%
the
100%
to
100%
to,
100%
was
100%
what
100%
yeah
100%
yellow
100%
you
100%
you,
100%
about
67%
ain't
67%
and
67%
around
67%
be
67%
before
67%
Before
67%
black
67%
circle,
67%
designer
67%
drip
67%
'em
67%
for
67%
found
67%
get
67%
Haters
67%
have
67%
havin'
67%
her
67%
hoe?
67%
hoe,
67%
hoes
67%
I'm
67%
Jet
67%
knew
67%
Lookin'
67%
Pittsburgh
67%
recline
67%
Rolls
67%
seats
67%
show
67%
Thailand,
67%
them
67%
then
67%
Where
67%
with
67%
All
33%
Atlanta,
33%
Atlanta?
33%
bands,
33%
bank,
33%
bankroll
33%
bend
33%
better
33%
bird
33%
bitch
33%
blink
33%
blow
33%
boardin'
33%
bought
33%
called
33%
callin'
33%
camera
33%
can
33%
candles
33%
ceramic,
33%
chains
33%
check
33%
Codeine
33%
cold
33%
counter
33%
damage
33%
Diana
33%
didn't
33%
dirty
33%
door,
33%
down
33%
dreaming,
33%
exchange
33%
fan,
33%
finance
33%
Four-
33%
fuck
33%
fucked
33%
Fuckin'
33%
fuckin'
33%
gang
33%
gangster,
33%
Gave
33%
gifts
33%
give
33%
glitch
33%
goin'
33%
got
33%
him
33%
his
33%
hits,
33%
hittin'
33%
hoodie,
33%
how
33%
hundred-
33%
If
33%
if
33%
I'ma
33%
is
33%
it,
33%
it
33%
it's
33%
Jerz
33%
kit
33%
knowin'
33%
Lambo'
33%
lame,
33%
Learn
33%
learn
33%
lick
33%
Life
33%
like
33%
load
33%
Lyft
33%
make
33%
makin'
33%
man
33%
manners
33%
maze,
33%
me
33%
move
33%
Murk,
33%
My
33%
my
33%
never
33%
nigga
33%
nigga,
33%
None
33%
Northside
33%
not
33%
Open
33%
pain
33%
pain,
33%
Panda
33%
panoramic,
33%
Phantom
33%
phone
33%
Porsche
33%
problem,
33%
pull
33%
put
33%
racks
33%
raw,
33%
red
33%
rich,
33%
Runnin'
33%
Santa
33%
science,
33%
Scion,
33%
Servin'
33%
Shawty
33%
she
33%
She
33%
Shit
33%
silence,
33%
sips
33%
Smoke
33%
snatched
33%
son
33%
Spray
33%
Stand
33%
Steelers
33%
surf
33%
talk
33%
tan,
33%
that
33%
that's
33%
there
33%
these
33%
thirty-four
33%
this
33%
thou'
33%
thought
33%
through
33%
too
33%
Took
33%
trust
33%
up
33%
want,
33%
watch
33%
wave,
33%
we
33%
We
33%
when
33%
white
33%
why
33%
words,
33%
work
33%
world
33%
would
33%
young
33%
your
33%
No matching quizzes found
Score Distribution
Percent of People with Each Score
Percentile by Number Answered
Your Score History
You have not taken this quiz